Leadership : (Record no. 21173)
[ view plain ]
| 000 -LEADER | |
|---|---|
| fixed length control field | 00889nam a22002535a 4500 |
| 005 - DATE AND TIME OF LATEST TRANSACTION | |
| control field | 20201128023635.0 |
| 008 - FIXED-LENGTH DATA ELEMENTS--GENERAL INFORMATION | |
| fixed length control field | 160216s2015 nyua frb 001 0 eng d |
| 020 ## - INTERNATIONAL STANDARD BOOK NUMBER | |
| International Standard Book Number | 9781259253195 |
| 020 ## - INTERNATIONAL STANDARD BOOK NUMBER | |
| International Standard Book Number | 1259253198 |
| 040 ## - CATALOGING SOURCE | |
| Original cataloging agency | EG-ScBUE |
| Language of cataloging | eng |
| Transcribing agency | EG-ScBUE |
| Modifying agency | EG-ScBUE |
| 082 04 - DEWEY DECIMAL CLASSIFICATION NUMBER | |
| Edition number | 22 |
| Classification number | 303.34 |
| Item number | HUG |
| 100 1# - MAIN ENTRY--PERSONAL NAME | |
| 9 (RLIN) | 35336 |
| Personal name | Hughes, Richard L. |
| 245 10 - TITLE STATEMENT | |
| Title | Leadership : |
| Remainder of title | enhancing the lessons of experience / |
| Statement of responsibility, etc | Richard L. Hughes, Robert C. Ginnett, Gordon J. Curphy. |
| 250 ## - EDITION STATEMENT | |
| Edition statement | 8th ed., McGraw-Hill international ed. |
| 260 ## - PUBLICATION, DISTRIBUTION, ETC. (IMPRINT) | |
| Place of publication, distribution, etc | New York : |
| Name of publisher, distributor, etc | McGraw-Hill Education, |
| Date of publication, distribution, etc | 2015. |
| 300 ## - PHYSICAL DESCRIPTION | |
| Extent | xviii, 734 p. : |
| Other physical details | ill. ; |
| Dimensions | 24 cm. |
| 504 ## - BIBLIOGRAPHY, ETC. NOTE | |
| Bibliography, etc | Includes bibliographical references and indexes. |
| 650 #7 - SUBJECT ADDED ENTRY--TOPICAL TERM | |
| Source of heading or term | BUEsh |
| 9 (RLIN) | 1000 |
| Topical term or geographic name as entry element | Leadership. |
| 651 ## - SUBJECT ADDED ENTRY--GEOGRAPHIC NAME | |
| Source of heading or term | BUEsh |
| 653 ## - INDEX TERM--UNCONTROLLED | |
| Resource For college | Nursing |
| -- | BAEPS, Political Science |
| Arrived date list | February2016 |
| -- | March2016 |
| 700 1# - ADDED ENTRY--PERSONAL NAME | |
| 9 (RLIN) | 35337 |
| Personal name | Ginnett, Robert C. |
| 700 1# - ADDED ENTRY--PERSONAL NAME | |
| 9 (RLIN) | 35338 |
| Personal name | Curphy, Gordon J. |
| 942 ## - ADDED ENTRY ELEMENTS (KOHA) | |
| Source of classification or shelving scheme | Dewey Decimal Classification |
| Withdrawn status | Item status | Source of classification or shelving scheme | Damaged status | Not for loan | Vendor | Home library | Current library | Shelving location | Date acquired | Source of acquisition | Cost, normal purchase price | Serial Enumeration / chronology | Total Checkouts | Total Renewals | Full call number | Barcode | Date last seen | Date last borrowed | Cost, replacement price | Koha item type |
|---|---|---|---|---|---|---|---|---|---|---|---|---|---|---|---|---|---|---|---|---|
| Dewey Decimal Classification | Academic Bookshop | Central Library | Central Library | First floor | 16/02/2016 | Purchase | 330.00 | 4862 | 14 | 120 | 303.34 HUG | 000031592 | 15/07/2025 | 21/02/2022 | 412.50 | Book - Borrowing | ||||
| Dewey Decimal Classification | Academic Bookshop | Central Library | Central Library | First floor | 16/02/2016 | Purchase | 330.00 | 4862 | 11 | 71 | 303.34 HUG | 000031594 | 15/07/2025 | 26/02/2022 | 412.50 | Book - Borrowing | ||||
| Dewey Decimal Classification | Academic Bookshop | Central Library | Central Library | First floor | 16/02/2016 | Purchase | 330.00 | 4862 | 15 | 70 | 303.34 HUG | 000031595 | 15/07/2025 | 07/03/2020 | 412.50 | Book - Borrowing | ||||
| Dewey Decimal Classification | Baccah | Central Library | Central Library | First floor | 02/03/2016 | Purchase | 303.34 HUG | 000031825 | 15/07/2025 | NB - Book (Non borrowing) | ||||||||||
| Dewey Decimal Classification | Baccah | Central Library | Central Library | First floor | 02/03/2016 | Purchase | 12 | 30 | 303.34 HUG | 000031826 | 15/07/2025 | 12/02/2020 | Book - Borrowing |